UBT Library

The meanings of dress / (Record no. 45080)

000 -LEADER
fixed length control field 00821cam a2200241 a 4500
001 - CONTROL NUMBER
control field 207589
005 - DATE AND TIME OF LATEST TRANSACTION
control field 20180315045131.0
008 - FIXED-LENGTH DATA ELEMENTS--GENERAL INFORMATION
fixed length control field 000225s1999 nyuab b 001 0 eng d
010 ## - LIBRARY OF CONGRESS CONTROL NUMBER
LC control number 99072451
020 ## - INTERNATIONAL STANDARD BOOK NUMBER
International Standard Book Number 1563671654
035 ## - SYSTEM CONTROL NUMBER
System control number (OCoLC)ocm42052549
040 ## - CATALOGING SOURCE
Original cataloging agency N2B
Transcribing agency N2B
Modifying agency IWA
-- JNA
-- OCL
-- DLC
041 ## - LANGUAGE CODE
Language code of text/sound track or separate title eng
042 ## - AUTHENTICATION CODE
Authentication code lccopycat
080 ## - UNIVERSAL DECIMAL CLASSIFICATION NUMBER
Universal Decimal Classification number 78 LYN
100 1# - Rafti
Rafti 43
101 ## - Shkurtesa
Shkurtesa MUZ
245 14 - TITLE STATEMENT
Title The meanings of dress /
Statement of responsibility, etc Mary Lynn Damhorst, Kimberly A. Miller, Susan O. Michelman.
504 ## - BIBLIOGRAPHY, ETC. NOTE
Bibliography, etc Includes bibliographical references (p. 539-542) and indexes.
906 ## - LOCAL DATA ELEMENT F, LDF (RLIN)
a 7
b cbc
c copycat
d 2
e ncip
f 20
g y-gencatlg
942 ## - ADDED ENTRY ELEMENTS (KOHA)
Source of classification or shelving scheme
Item type Books
Holdings
Withdrawn status Lost status Source of classification or shelving scheme Damaged status Not for loan Collection code Permanent location Current location Shelving location Date acquired Total Checkouts Full call number Barcode Date last seen Price effective from Koha item type
          Koleksioni i përgjithshem UBT - Lipjan UBT - Lipjan Koleksioni i përgjithshem 03/15/2018   78 LYN 002-3001997 03/15/2018 03/15/2018 Books
UBT Library © 2015-2024. All rights reserved University Education for Business and Technology